Lazio and Roma Combined Starting Xi 00/99 - Statistics

General Stats
  • This quiz has been taken 11 times
  • The average score is 7 of 11
Answer Stats
Hint Answer % Correct
MF(Czech Republic Pavel Nedvěd
100%
DF(Italy Alessandro Nesta
89%
DF(Brazil Cafu
89%
FW(Chile Marcelo Salas
78%
FW(Italy Francesco Totti
67%
MF(Argentina Juan Sebastián Verón
67%
DF(Serbia Siniša Mihajlović
67%
MF(Japan Hidetoshi Nakata
56%
GK(Italy Luca Marchegiani
44%
FW(Italy Vincenzo Montella
33%
DF(Italy Vincent Candela
0%
No matching quizzes found
Score Distribution
Percent of People with Each Score
Percentile by Number Answered
Your Score History
You have not taken this quiz